000 00274 a2200133 4500
001 154864
040 _cEscola São Tomás de Aquino
240 1 0 _aAstronomia hoje
_lpor
245 1 0 _aAstronomia hoje
300 _a167
362 0 _a2010
697 _aFÍSICA
942 _cBK
999 _c154864
_d154864